Description of the child support enforcement program and of S. 150 (the "Collection of Student Loans in Default Act of 1983") : scheduled for a hearing before the Subcommittee on Oversight of the Internal Revenue Service of the Senate Committee on Finance on September 16, 1983 /

Bibliographic Details
Corporate Authors: ProQuest (Firm), United States. Congress. Senate. Committee on Finance. Subcommittee on Oversight of the Internal Revenue Service, United States. Congress. Joint Committee on Taxation
Format: Government Document eBook
Language:English
Published: Washington : U.S. G.P.O., 1983.
Series:U.S. Congressional Research.
Subjects:
Online Access:Connect to the full text of this electronic book

MARC

Tag First Indicator Second Indicator Subfields
LEADER 00000cam a22000001a 4500
001 in00003276949
006 m d f
007 cr bn mmmapmmp
008 101011s1983 dcu ob f000 0 eng d
005 20260430171656.1
035 |a cis2007813900 
040 |a LexisNexis  |c LexisNexis  |d UtOrBLW 
043 |a n-us--- 
074 |a 1002-A, 1002-B (microfiche) 
086 0 |a Y 4.T 19/4:D 45/19 
099 |a CMP-1983-FNS-0040 
245 0 0 |a Description of the child support enforcement program and of S. 150 (the "Collection of Student Loans in Default Act of 1983") :  |b scheduled for a hearing before the Subcommittee on Oversight of the Internal Revenue Service of the Senate Committee on Finance on September 16, 1983 /  |c prepared by the staff of the Joint Committee on Taxation. 
264 1 |a Washington :  |b U.S. G.P.O.,  |c 1983. 
300 |a 1 online resource. 
336 |a text  |b txt  |2 rdacontent 
337 |a computer  |b c  |2 rdamedia 
338 |a online resource  |b cr  |2 rdacarrier 
500 |a Record is based on bibliographic data in LexisNexis U.S. Congressional Research Digital Collection. Reuse except for individual research requires license from LexisNexis. 
504 |a Includes bibliographical references. 
500 |a Electronic resource. 
650 0 |a Child support  |x Law and legislation  |z United States. 
650 0 |a Collecting of accounts. 
650 0 |a Maternal and infant welfare. 
650 0 |a Student loans  |z United States. 
655 7 |a Electronic books.  |2 local 
710 2 |a ProQuest (Firm) 
710 1 |a United States.  |b Congress.  |b Senate.  |b Committee on Finance.  |b Subcommittee on Oversight of the Internal Revenue Service. 
710 1 |a United States.  |b Congress.  |b Joint Committee on Taxation. 
776 0 8 |i Print version:   |t Description of the child support enforcement program and of S. 150 (the "Collection of Student Loans in Default Act of 1983")  |w gp 84007775  |w (OCoLC)10191026 
776 0 8 |i Microfiche version:   |t Description of the child support enforcement program and of S. 150 (the "Collection of Student Loans in Default Act of 1983")   |d [Bethesda, Md.] : LexisNexis Academic & Library Solutions,1983.   |o CIS 83 S362-39  |w (LexisNexis)cis08302392 
830 0 |a U.S. Congressional Research. 
856 4 0 |u http://proxy.library.tamu.edu/login?url=https://congressional.proquest.com/congcomp/getdoc?CRDC-ID=CMP-1983-FNS-0040  |z Connect to the full text of this electronic book  |t 0 
998 |a cis08302392 
999 |a MARS 
999 f f |s 11a12995-436c-3e15-ab6a-01e6d04bc9cc  |i 9182e066-a6f4-3e44-8fcc-f92417edd380  |t 0 
952 f f |a Texas A&M University  |b College Station  |c Electronic Resources  |s www_evans  |d Available Online  |t 0  |e CMP-1983-FNS-0040  |h Other scheme 
998 f f |a CMP-1983-FNS-0040  |t 0  |l Available Online